[Event "Superbet POL Blitz 2025"]
[Site "Warsaw POL"]
[Date "2025.04.30"]
[Round "12.5"]
[White "Aravindh, Chithambaram VR."]
[Black "Deac, Bogdan-Daniel"]
[Result "1-0"]
[WhiteTitle "GM"]
[BlackTitle "GM"]
[WhiteElo "2749"]
[BlackElo "2668"]
[WhiteFideId "5072786"]
[BlackFideId "1226380"]
[EventDate "2025.04.29"]

1. Nf3 Nf6 2. b3 g6 3. Bb2 Bg7 4. g3 b6 5. Bg2 Bb7 6. O-O c5 7. c4 O-O 8. e3 Nc6
9. Qe2 d5 10. d3 e6 11. Nbd2 Qe7 12. a3 Rfd8 13. Rfe1 Rd7 14. cxd5 Nxd5 15. Bxg7
Kxg7 16. Nc4 Kg8 17. h4 Rad8 18. Rac1 Qf6 19. Qc2 Nde7 20. Red1 h6 21. Kh2 Ba8
22. Qe2 Nd5 23. Qc2 Nde7 24. Ncd2 Qg7 25. Ne4 Nd5 26. d4 f5 27. Ned2 cxd4 28.
exd4 Nxd4 29. Nxd4 Qxd4 30. Nf3 Qf6 31. Re1 Rc7 32. Qd2 Rxc1 33. Qxc1 Kg7 34.
Ne5 Bb7 35. b4 Qe7 36. b5 Qc5 37. Qb2 Kh7 38. Rc1 Qe7 39. Nc6 Bxc6 40. bxc6 Nc7
41. Qe5 Qd6 42. Qe2 Kg7 43. Re1 Qd4 44. a4 Qf6 45. a5 b5 46. a6 Qd4 47. Bf3 b4
48. Kg2 Qc3 49. Rd1 Rxd1 50. Qxd1 Kh7 51. Qd6 Qg7 52. Qxb4 Nxa6 53. Qa5 Nc7 54.
Qxa7 Qe7 55. Qd4 Kg8 56. Qe5 Qg7 57. Qd6 Qf7 58. Be2 Ne8 59. Qe5 Qe7 60. Bc4 Nc7
61. h5 gxh5 62. Qxf5 Kg7 63. Qe5+ Kg8 64. Qxh5 Qf6 65. Qg4+ Kf8 66. Qe4 Ke7 67.
Be2 Kd6 68. Bf3 Nd5 69. Qc4 Nc7 70. Qb4+ Ke5 71. Qb2+ Kf5 72. Be4+ Kg5 73. f4+ 1-0

[Event "Superbet POL Blitz 2025"]
[Site "Warsaw POL"]
[Date "2025.04.30"]
[Round "13.1"]
[White "Duda, Jan-Krzysztof"]
[Black "Aravindh, Chithambaram VR."]
[Result "1-0"]
[WhiteTitle "GM"]
[BlackTitle "GM"]
[WhiteElo "2739"]
[BlackElo "2749"]
[WhiteFideId "1170546"]
[BlackFideId "5072786"]
[EventDate "2025.04.29"]

1. d4 Nf6 2. Nf3 b6 3. c4 Bb7 4. Nc3 e6 5. a3 d5 6. cxd5 Nxd5 7. Bd2 Be7 8. Qc2
O-O 9. e4 Nxc3 10. Bxc3 c5 11. O-O-O cxd4 12. Nxd4 Qc7 13. f3 a6 14. Kb1 Nd7 15.
Bb4 Nc5 16. Nb3 a5 17. Bxc5 bxc5 18. Bb5 Bc6 19. Bxc6 Qxc6 20. e5 c4 21. Rd4 Qb5
22. Rxc4 Qxe5 23. Nd4 Bf6 24. Nc6 Qb5 25. Rd1 Bxb2 26. a4 Qa6 27. Kxb2 Rae8 28.
Qb3 h6 29. Rd7 e5 30. Ra7 1-0

[Event "Superbet POL Blitz 2025"]
[Site "Warsaw POL"]
[Date "2025.04.30"]
[Round "13.2"]
[White "Aronian, Levon"]
[Black "Deac, Bogdan-Daniel"]
[Result "1/2-1/2"]
[WhiteTitle "GM"]
[BlackTitle "GM"]
[WhiteElo "2747"]
[BlackElo "2668"]
[WhiteFideId "13300474"]
[BlackFideId "1226380"]
[EventDate "2025.04.29"]

1. c4 e6 2. Nc3 d5 3. d4 Nf6 4. cxd5 exd5 5. Bg5 Be7 6. e3 h6 7. Bh4 Bg4 8. Nf3
c6 9. h3 Bxf3 10. Qxf3 Ne4 11. Bxe7 Qxe7 12. Bd3 Nd6 13. O-O-O Nd7 14. Kb1 O-O-O
15. Qg3 f5 16. f3 Rhf8 17. Rhe1 Nb6 18. e4 fxe4 19. fxe4 dxe4 20. Bxe4 Qc7 21.
Bc2 Ndc4 22. Qd3 Kb8 23. Ne4 Rfe8 24. Bb3 Na5 25. Bc2 Nac4 26. Nc5 Rxe1 27. Rxe1
Qd6 28. Qc3 Qxd4 29. Qxd4 Rxd4 30. Re7 Rd2 31. Rxb7+ Ka8 32. Rxg7 a5 33. Rg8+
Ka7 34. Rg7+ Ka8 35. Kc1 Rf2 36. Bd3 Nxb2 37. Be4 Nd5 38. Rg6 Nc4 39. Rxc6 Nce3
40. Rxh6 Ka7 41. Ra6+ Kb8 42. Bxd5 Nxd5 43. Rxa5 Nc3 44. g4 Nxa2+ 45. Kd1 Nc3+
46. Ke1 Rh2 47. g5 Rxh3 48. Kf2 Rh2+ 49. Kg3 Rh7 50. Kg4 Rh1 51. Ra3 Nd5 52. Rg3
Kc7 53. g6 Kd6 54. Ne4+ Ke7 55. Kf5 Kf8 56. g7+ Kg8 57. Ke6 Nf4+ 58. Ke5 Nh5 59.
Rg5 Nxg7 60. Nd6 Rh5 61. Rxh5 Nxh5 62. Nf5 Ng7 63. Nxg7 1/2-1/2

[Event "Superbet POL Blitz 2025"]
[Site "Warsaw POL"]
[Date "2025.04.30"]
[Round "13.3"]
[White "Fedoseev, Vladimir3"]
[Black "Topalov, Veselin"]
[Result "1-0"]
[WhiteTitle "GM"]
[BlackTitle "GM"]
[WhiteElo "2739"]
[BlackElo "2717"]
[WhiteFideId "24130737"]
[BlackFideId "2900084"]
[EventDate "2025.04.29"]

1. d4 Nf6 2. Bg5 e6 3. e4 h6 4. Bxf6 Qxf6 5. Nc3 b6 6. e5 Qd8 7. a3 Bb7 8. f4 d6
9. Nf3 Nd7 10. Qe2 g6 11. d5 Qe7 12. Nb5 Kd8 13. dxe6 Qxe6 14. O-O-O a6 15. Nc3
Kc8 16. Nd4 Qe8 17. e6 fxe6 18. Nxe6 Nf6 19. h4 h5 20. Qc4 c5 21. Re1 d5 22. Qe2
Bd6 23. b3 d4 24. Na4 Qc6 25. Qd3 Ne4 26. Rxe4 Qxe4 27. Nxb6+ Kb8 28. Qxe4 Bxe4
29. Nxa8 Kxa8 30. Bxa6 Bxg2 31. Rg1 Bd5 32. Rxg6 Re8 33. f5 1-0

[Event "Superbet POL Blitz 2025"]
[Site "Warsaw POL"]
[Date "2025.04.30"]
[Round "13.4"]
[White "Vachier-Lagrave, Maxime"]
[Black "Praggnanandhaa, R"]
[Result "1-0"]
[WhiteTitle "GM"]
[BlackTitle "GM"]
[WhiteElo "2722"]
[BlackElo "2758"]
[WhiteFideId "623539"]
[BlackFideId "25059530"]
[EventDate "2025.04.29"]

1. e4 d5 2. exd5 Qxd5 3. Nc3 Qa5 4. d4 Bf5 5. Bc4 e6 6. Ne2 Nf6 7. O-O c6 8. Bf4
Nbd7 9. Re1 Be7 10. Ng3 Bg6 11. Bd3 Bxd3 12. Qxd3 O-O 13. a3 Rfe8 14. Rad1 Rad8
15. Nce4 Nxe4 16. Nxe4 Nf6 17. Nd2 c5 18. Be5 Ng4 19. Qe2 Nxe5 20. dxe5 Qa4 21.
Nc4 Qc6 22. Na5 Qc7 23. Nc4 b5 24. Nd6 Bxd6 25. exd6 Rxd6 26. Qxb5 Rb8 27. Qa4
g6 28. b3 Rbd8 29. Rxd6 Rxd6 30. g3 Rd4 31. Qb5 c4 32. Qb4 Qb6 33. Qc3 cxb3 34.
cxb3 h5 35. h4 a5 36. Rb1 Rd5 37. b4 axb4 38. axb4 Qb5 39. Ra1 e5 40. Kg2 Qd7
41. Ra5 Kh7 42. Rxd5 Qxd5+ 43. Kh2 Kg7 44. Qe3 Qb5 45. Qd2 Kf6 46. Qd6+ Kf5 47.
Kg2 Qb7+ 48. f3 Qb5 49. Kf2 Qc4 50. Qd7+ Kf6 51. Qd6+ Kf5 52. Ke3 Qc1+ 53. Ke2
Qb2+ 54. Qd2 Qa1 55. b5 Qg1 56. Qd3+ Ke6 57. Qc4+ Kf6 58. Qc6+ Kg7 59. b6 Qxg3
60. b7 e4 61. Qxe4 Qc7 62. Kd3 g5 63. hxg5 h4 64. Qd4+ Kg8 65. Qb4 Qb8 66. Qe7
h3 67. g6 fxg6 68. Qd7 h2 69. Qc8+ Kh7 70. Qxb8 h1=Q 71. Qc7+ Kh6 72. Qf4+ Kg7
73. b8=Q Qd1+ 74. Kc3 1-0

[Event "Superbet POL Blitz 2025"]
[Site "Warsaw POL"]
[Date "2025.04.30"]
[Round "13.5"]
[White "Firouzja, Alireza"]
[Black "Gavrilescu, David"]
[Result "0-1"]
[WhiteTitle "GM"]
[BlackTitle "GM"]
[WhiteElo "2757"]
[BlackElo "2554"]
[WhiteFideId "12573981"]
[BlackFideId "1227190"]
[EventDate "2025.04.29"]

1. e4 c5 2. Nf3 d6 3. d4 cxd4 4. Nxd4 Nf6 5. Nc3 a6 6. Be2 e5 7. Nb3 Be7 8. Be3
Be6 9. Qd3 Nbd7 10. Nd5 Bxd5 11. exd5 Rc8 12. c4 O-O 13. O-O a5 14. Rae1 g6 15.
Kh1 Ne8 16. f4 a4 17. Nd2 f5 18. Qa3 Nef6 19. Qxa4 Nc5 20. Qc2 Nce4 21. Nxe4
Nxe4 22. Bf3 b5 23. b3 bxc4 24. bxc4 exf4 25. Bxf4 Nc5 26. Bh6 Rf7 27. Qd2 Bf6
28. g4 Bh4 29. Rb1 g5 30. gxf5 Qf6 31. Bh5 Re7 32. Qd1 Ne4 33. Bg6 hxg6 34. Qg4
Rce8 35. fxg6 Nf2+ 36. Rxf2 Re1+ 0-1

[Event "Superbet POL Blitz 2025"]
[Site "Warsaw POL"]
[Date "2025.04.30"]
[Round "14.1"]
[White "Deac, Bogdan-Daniel"]
[Black "Firouzja, Alireza"]
[Result "1-0"]
[WhiteTitle "GM"]
[BlackTitle "GM"]
[WhiteElo "2668"]
[BlackElo "2757"]
[WhiteFideId "1226380"]
[BlackFideId "12573981"]
[EventDate "2025.04.29"]

1. d4 e6 2. Nf3 c5 3. c4 cxd4 4. Nxd4 Nf6 5. Nc3 Nc6 6. Bf4 d6 7. Nxc6 bxc6 8.
g3 Be7 9. Bg2 d5 10. cxd5 cxd5 11. e4 O-O 12. exd5 Nxd5 13. O-O Nxc3 14. bxc3
Ba6 15. Re1 Qa5 16. Re5 Qxc3 17. Bxa8 Rxa8 18. Rc1 Qa3 19. Qb3 h6 20. Qxa3 Bxa3
21. Rb1 Bc4 22. Ra5 Bf8 23. Ra4 Bd3 24. Rb8 1-0

[Event "Superbet POL Blitz 2025"]
[Site "Warsaw POL"]
[Date "2025.04.30"]
[Round "14.2"]
[White "Praggnanandhaa, R"]
[Black "Fedoseev, Vladimir3"]
[Result "0-1"]
[WhiteTitle "GM"]
[BlackTitle "GM"]
[WhiteElo "2758"]
[BlackElo "2739"]
[WhiteFideId "25059530"]
[BlackFideId "24130737"]
[EventDate "2025.04.29"]

1. b3 d5 2. Bb2 c5 3. e3 Nf6 4. Nf3 g6 5. Bb5+ Bd7 6. Be2 Bg7 7. c4 dxc4 8. bxc4
O-O 9. O-O Nc6 10. d3 a6 11. Nc3 Bg4 12. h3 Bf5 13. Nd5 Nxd5 14. cxd5 Bxb2 15.
Rb1 Qxd5 16. Rxb2 Qd7 17. Qc2 Qd6 18. Rc1 Rfc8 19. e4 Be6 20. Rxb7 Nb4 21. Qd2
Nxa2 22. Qh6 Bd5 23. Ng5 Qf6 24. Qxh7+ Kf8 25. exd5 Nxc1 26. Bg4 Rcb8 27. Be6 0-1

[Event "Superbet POL Blitz 2025"]
[Site "Warsaw POL"]
[Date "2025.04.30"]
[Round "14.3"]
[White "Gavrilescu, David"]
[Black "Vachier-Lagrave, Maxime"]
[Result "0-1"]
[WhiteTitle "GM"]
[BlackTitle "GM"]
[WhiteElo "2554"]
[BlackElo "2722"]
[WhiteFideId "1227190"]
[BlackFideId "623539"]
[EventDate "2025.04.29"]

1. e4 c5 2. Nf3 Nc6 3. Bb5 e6 4. c3 Nge7 5. d4 cxd4 6. cxd4 d5 7. e5 Bd7 8. Nc3
Nf5 9. O-O Be7 10. Bd3 Nh4 11. Nxh4 Bxh4 12. Qg4 Kf8 13. Be3 h5 14. Qf3 Kg8 15.
Nb5 Be7 16. Qg3 Nb4 17. Be2 Bxb5 18. Bxb5 Qb6 19. Ba4 g6 20. Rac1 Nxa2 21. Rcd1
Nb4 22. Bg5 Bxg5 23. Qxg5 Qd8 24. Qg3 Kg7 25. f4 h4 26. Qg4 Rh5 27. Rd2 Rc8 28.
Qh3 Qb6 29. Bd1 Rhh8 30. Qe3 Nc6 31. Kh1 Ne7 32. Bc2 Rc4 33. b3 Rc7 34. Rdf2
Rhc8 35. f5 exf5 36. Bb1 Rh8 37. Re1 Qe6 38. Ref1 Rh5 39. h3 Qc8 40. Bd3 a6 41.
Be2 Rh8 42. Qg5 Qe6 43. Bd3 Rh5 44. Qd2 Nc6 45. Be2 Rh8 46. b4 Qe7 47. b5 axb5
48. Bxb5 Nd8 49. Ba4 Ne6 50. Bb3 Rd8 51. Rf3 Qg5 52. Qa5 Rcc8 53. Qb4 Rc1 54.
Qxb7 Nf4 55. Rf2 Rxf1+ 0-1

[Event "Superbet POL Blitz 2025"]
[Site "Warsaw POL"]
[Date "2025.04.30"]
[Round "14.4"]
[White "Topalov, Veselin"]
[Black "Duda, Jan-Krzysztof"]
[Result "1-0"]
[WhiteTitle "GM"]
[BlackTitle "GM"]
[WhiteElo "2717"]
[BlackElo "2739"]
[WhiteFideId "2900084"]
[BlackFideId "1170546"]
[EventDate "2025.04.29"]

1. e4 e5 2. Nf3 Nc6 3. Bb5 Nf6 4. d3 Bc5 5. Nbd2 d6 6. O-O O-O 7. c3 Bb6 8. Nc4
Ne7 9. a4 c6 10. Nxb6 axb6 11. Bc4 Ng6 12. Be3 d5 13. exd5 cxd5 14. Bb3 h6 15.
h3 Re8 16. Re1 Qd6 17. d4 e4 18. Ne5 Be6 19. f4 exf3 20. Qxf3 Ne4 21. Bc2 Nxe5
22. dxe5 Qxe5 23. Bxb6 Bd7 24. Bd4 Qe6 25. b4 Qg6 26. b5 Ng5 27. Qxd5 Nxh3+ 28.
Kh2 Qxc2 29. Qxd7 Rxe1 30. Rxe1 Nf4 31. Qxb7 Rxa4 32. b6 Ra2 33. Re8+ Kh7 34.
Qe4+ Qxe4 35. Rxe4 Nd5 36. c4 Nb4 37. b7 Nc6 38. Re8 1-0

[Event "Superbet POL Blitz 2025"]
[Site "Warsaw POL"]
[Date "2025.04.30"]
[Round "14.5"]
[White "Aravindh, Chithambaram VR."]
[Black "Aronian, Levon"]
[Result "0-1"]
[WhiteTitle "GM"]
[BlackTitle "GM"]
[WhiteElo "2749"]
[BlackElo "2747"]
[WhiteFideId "5072786"]
[BlackFideId "13300474"]
[EventDate "2025.04.29"]

1. Nf3 Nf6 2. b3 b6 3. g3 g6 4. Bg2 Bb7 5. Bb2 Bg7 6. O-O O-O 7. d4 c5 8. e3
cxd4 9. exd4 d5 10. Re1 Nc6 11. Nbd2 Rc8 12. a3 e6 13. Rc1 Ne7 14. Ne5 Nf5 15.
c4 Nd7 16. cxd5 Rxc1 17. Qxc1 Nxe5 18. dxe5 Bxd5 19. Ne4 Bxb3 20. Nf6+ Kh8 21.
g4 Nh4 22. Be4 h6 23. Re3 Qd1+ 24. Qxd1 Bxd1 25. f3 Rc8 26. Kf2 Bc2 27. Re2 Bxe4
28. Nxe4 g5 29. Nd6 Rc7 30. Ne8 Rc5 31. Nf6 Ng6 32. Rd2 Bxf6 33. exf6 Nf4 34.
Ke3 Nd5+ 35. Ke4 Kh7 36. Re2 Kg6 37. h4 Nc3+ 38. Bxc3 Rxc3 39. hxg5 hxg5 40. Rd2
Kxf6 0-1

[Event "Superbet POL Blitz 2025"]
[Site "Warsaw POL"]
[Date "2025.04.30"]
[Round "15.1"]
[White "Fedoseev, Vladimir3"]
[Black "Gavrilescu, David"]
[Result "1-0"]
[WhiteTitle "GM"]
[BlackTitle "GM"]
[WhiteElo "2739"]
[BlackElo "2554"]
[WhiteFideId "24130737"]
[BlackFideId "1227190"]
[EventDate "2025.04.29"]

1. d4 d5 2. Bg5 c5 3. e3 Nc6 4. c3 cxd4 5. exd4 Bf5 6. Nd2 Qc7 7. Ngf3 h6 8. Bh4
e6 9. Bb5 Bd6 10. O-O Ne7 11. Re1 O-O 12. Qe2 a6 13. Bd3 Bxd3 14. Qxd3 Ng6 15.
Bg3 Bxg3 16. hxg3 Rad8 17. a4 Rfe8 18. Nb3 e5 19. dxe5 Ngxe5 20. Nxe5 Nxe5 21.
Qe2 Qc4 22. Nd4 Qc8 23. Qh5 Nd3 24. Re2 Re4 25. Rd1 Nc5 26. a5 Rde8 27. Rxe4
dxe4 28. Nf5 g6 29. Nxh6+ Kg7 30. Qg5 Nd3 31. Ng4 Qe6 32. f3 Rh8 33. fxe4 Qxe4
34. Qf6+ Kg8 35. Qd8+ Kg7 36. Qxd3 Qxg4 37. Qd4+ Qxd4+ 38. Rxd4 Rh5 39. b4 Rh8
40. Rc4 Rb8 41. Kf2 Kf6 42. Ke3 Ke6 43. Rc7 f6 44. Kd4 Kd6 45. Rf7 Ke6 46. Rg7
g5 47. g4 Kd6 48. c4 Rd8 49. b5 axb5 50. cxb5 Ra8 51. Rxb7 Rxa5 52. Rb6+ Kc7 53.
Rc6+ Kb7 54. Rxf6 Ra2 55. Rf5 Ra4+ 56. Kc5 Rxg4 57. Rf7+ Kc8 58. Rf2 Kb7 59. Re2
Rg3 60. Rb2 Rd3 61. Kc4 Rd1 62. Re2 Rc1+ 63. Kd4 Kb6 64. Ke5 Kxb5 65. Kf5 Rc5+
66. Re5 Rxe5+ 67. Kxe5 Kc6 68. Kf5 Kd7 69. Kxg5 Ke7 70. Kg6 Kf8 71. g4 Kg8 72.
g5 1-0

[Event "Superbet POL Blitz 2025"]
[Site "Warsaw POL"]
[Date "2025.04.30"]
[Round "15.2"]
[White "Firouzja, Alireza"]
[Black "Aronian, Levon"]
[Result "1-0"]
[WhiteTitle "GM"]
[BlackTitle "GM"]
[WhiteElo "2757"]
[BlackElo "2747"]
[WhiteFideId "12573981"]
[BlackFideId "13300474"]
[EventDate "2025.04.29"]

1. e4 e6 2. d4 d5 3. e5 c5 4. c3 Nc6 5. Nf3 Qb6 6. a3 Nh6 7. Bd3 cxd4 8. O-O Nf5
9. b4 a6 10. Re1 Be7 11. Ra2 dxc3 12. Bxf5 exf5 13. Nxc3 d4 14. Nd5 Qd8 15. Nf6+
Kf8 16. Nh5 Be6 17. Rd2 Qc7 18. Nxd4 Nxd4 19. Rxd4 Rc8 20. h4 h6 21. Be3 Rd8 22.
Nf4 Rxd4 23. Qxd4 Qd7 24. Qb6 g5 25. Nh5 Qc6 26. Qa7 Kg8 27. Rc1 Qe4 28. Bc5
Qxh4 29. Bxe7 Qxh5 30. Bf6 Kh7 31. Bxh8 Kxh8 32. Qxb7 f4 33. Qe4 Kg7 34. a4 Qg4
35. b5 axb5 36. axb5 Bc8 37. b6 Qd7 38. e6 Qd2 39. Qc2 1-0

[Event "Superbet POL Blitz 2025"]
[Site "Warsaw POL"]
[Date "2025.04.30"]
[Round "15.3"]
[White "Vachier-Lagrave, Maxime"]
[Black "Deac, Bogdan-Daniel"]
[Result "1-0"]
[WhiteTitle "GM"]
[BlackTitle "GM"]
[WhiteElo "2722"]
[BlackElo "2668"]
[WhiteFideId "623539"]
[BlackFideId "1226380"]
[EventDate "2025.04.29"]

1. e4 e5 2. Nf3 Nc6 3. Bb5 a6 4. Ba4 Nf6 5. O-O Nxe4 6. d4 b5 7. Bb3 d5 8. dxe5
Be6 9. c3 Bc5 10. Nbd2 O-O 11. Bc2 Nxf2 12. Rxf2 Bxf2+ 13. Kxf2 f6 14. Kg1 fxe5
15. Nf1 Bg4 16. Ne3 Be6 17. b4 a5 18. bxa5 Rxa5 19. Bb3 e4 20. Nd4 Nxd4 21. cxd4
c6 22. Bd2 Ra8 23. Bb4 Rf7 24. Rc1 Rc8 25. Qe1 Qf6 26. Bc5 h6 27. Qg3 Kh7 28. h3
Qf4 29. Kh2 Qf6 30. Rf1 Qg6 31. Qxg6+ Kxg6 32. Rc1 h5 33. Kg3 Kg5 34. h4+ Kg6
35. Bd6 Kh7 36. Bf4 g6 37. Rc5 Kg8 38. Nc2 Kh7 39. Nb4 Bd7 40. Rc3 Rcf8 41. Bg5
Rc8 42. Rc1 Kg7 43. Na6 Kh7 44. Nc5 Bf5 45. a4 bxa4 46. Bxa4 Bg4 47. Rc3 Ra7 48.
Bf4 Rf7 49. Rb3 Bd1 50. Rb4 Bxa4 51. Rxa4 Rcf8 52. Ne6 Rxf4 53. Nxf4 Rb8 54.
Ra7+ Kh6 55. Rc7 Rb4 56. Ne6 g5 57. hxg5+ Kg6 58. Kf4 1-0

[Event "Superbet POL Blitz 2025"]
[Site "Warsaw POL"]
[Date "2025.04.30"]
[Round "15.4"]
[White "Topalov, Veselin"]
[Black "Aravindh, Chithambaram VR."]
[Result "0-1"]
[WhiteTitle "GM"]
[BlackTitle "GM"]
[WhiteElo "2717"]
[BlackElo "2749"]
[WhiteFideId "2900084"]
[BlackFideId "5072786"]
[EventDate "2025.04.29"]

1. d4 Nf6 2. Nf3 b6 3. g3 Bb7 4. c4 g6 5. Bg2 Bg7 6. O-O O-O 7. d5 Na6 8. Nc3
Nc5 9. Nd4 e5 10. Nc2 d6 11. b4 Ncd7 12. e4 Ne8 13. a3 f5 14. exf5 gxf5 15. Rb1
Nef6 16. Ne3 f4 17. Nf5 Rf7 18. gxf4 Bc8 19. Kh1 Bf8 20. Ng3 Kh8 21. f5 Bg7 22.
Bg5 Qf8 23. Nb5 Nb8 24. Rb3 a6 25. Nc3 Nbd7 26. Qd2 Ng8 27. Nce4 Ndf6 28. f3 Bb7
29. Be3 b5 30. cxb5 axb5 31. Ng5 Bxd5 32. Nxf7+ Qxf7 33. Rc3 Bc4 34. f4 Re8 35.
fxe5 Bxf1 36. Bxf1 Rxe5 37. Bg2 Nd5 38. Bxd5 Rxd5 39. Rxc7 Qxc7 40. Qxd5 Be5 41.
Qxb5 Qc3 42. Qe2 Qxa3 43. b5 Nf6 44. b6 Qb3 45. Bf2 Nd5 46. Qh5 Nf6 47. Qe2 Nd5
48. Qe4 Kg7 49. Bg1 Nf6 50. Qc6 d5 51. Kg2 0-1

[Event "Superbet POL Blitz 2025"]
[Site "Warsaw POL"]
[Date "2025.04.30"]
[Round "15.5"]
[White "Duda, Jan-Krzysztof"]
[Black "Praggnanandhaa, R"]
[Result "0-1"]
[WhiteTitle "GM"]
[BlackTitle "GM"]
[WhiteElo "2739"]
[BlackElo "2758"]
[WhiteFideId "1170546"]
[BlackFideId "25059530"]
[EventDate "2025.04.29"]

1. d4 Nf6 2. Nf3 b6 3. Bf4 Bb7 4. e3 g6 5. h3 Bg7 6. Be2 d6 7. O-O O-O 8. Bh2
Nbd7 9. a4 a6 10. Nbd2 Re8 11. c3 e5 12. Qb3 Rb8 13. Rfd1 Qe7 14. Rac1 a5 15.
Qa3 e4 16. Ne1 h5 17. b4 Ra8 18. b5 g5 19. c4 Qe6 20. Nb3 Bf8 21. Qb2 h4 22. c5
Bd5 23. c6 Bxb3 24. cxd7 Red8 25. d5 Bxd5 26. Rxc7 Rxd7 27. Rc3 g4 28. hxg4 Bg7
29. Qd2 Bb7 30. g5 Ng4 31. Bf4 Bxc3 32. Qxc3 Rc8 33. Qd4 Rc5 34. Qb2 Ne5 35. Qa1
h3 36. Kh2 Nd3 37. Nxd3 exd3 38. Bf3 hxg2 39. Bxb7 Rxb7 40. Rxd3 f6 41. Rxd6
Rh7+ 0-1

[Event "Superbet POL Blitz 2025"]
[Site "Warsaw POL"]
[Date "2025.04.30"]
[Round "16.1"]
[White "Deac, Bogdan-Daniel"]
[Black "Fedoseev, Vladimir3"]
[Result "1/2-1/2"]
[WhiteTitle "GM"]
[BlackTitle "GM"]
[WhiteElo "2668"]
[BlackElo "2739"]
[WhiteFideId "1226380"]
[BlackFideId "24130737"]
[EventDate "2025.04.29"]

1. e4 c5 2. Nf3 Nc6 3. d4 cxd4 4. Nxd4 Nf6 5. Nc3 e5 6. Ndb5 d6 7. Bg5 a6 8. Na3
b5 9. Nd5 Be7 10. Bxf6 Bxf6 11. c3 Bg5 12. Nc2 Ne7 13. Ncb4 O-O 14. a4 bxa4 15.
Rxa4 Nxd5 16. Nxd5 a5 17. Bc4 Bd7 18. Ra3 a4 19. O-O Kh8 20. b3 axb3 21. Rxa8
Qxa8 22. Nb6 Qc6 23. Nxd7 Qxd7 24. Qxb3 g6 25. Bd5 f5 26. c4 Qa7 27. exf5 gxf5
28. g3 Bd8 29. Kg2 Bb6 30. Qc2 Bd4 31. Rb1 Qg7 32. Qe2 e4 33. Rb7 Qg6 34. Qd2
Be5 35. Kf1 Qh5 36. Kg1 Qg6 37. Qe2 Qg5 38. Kg2 Qg6 39. Kg1 Qg5 40. Kg2 Qg6 41.
Kg1 Qg5 1/2-1/2

[Event "Superbet POL Blitz 2025"]
[Site "Warsaw POL"]
[Date "2025.04.30"]
[Round "16.2"]
[White "Gavrilescu, David"]
[Black "Duda, Jan-Krzysztof"]
[Result "0-1"]
[WhiteTitle "GM"]
[BlackTitle "GM"]
[WhiteElo "2554"]
[BlackElo "2739"]
[WhiteFideId "1227190"]
[BlackFideId "1170546"]
[EventDate "2025.04.29"]

1. e4 c5 2. Nf3 e6 3. Be2 Nc6 4. O-O Nf6 5. Nc3 d6 6. d4 cxd4 7. Nxd4 Be7 8.
Nxc6 bxc6 9. Qd3 O-O 10. Qg3 d5 11. Bh6 Ne8 12. Bf4 a5 13. Rad1 a4 14. b3 a3 15.
exd5 cxd5 16. Nb5 Ba6 17. c4 Bxb5 18. cxb5 Bd6 19. Rc1 Qb8 20. Bxd6 Nxd6 21. Qd3
Ra7 22. b4 Rb7 23. Rc5 g6 24. g3 Rd8 25. Qxa3 Nxb5 26. Rxb5 Rxb5 27. Bxb5 Qxb5
28. Qb3 d4 29. a4 Qe2 30. b5 d3 31. b6 d2 32. Rd1 Rd3 33. Qb1 Rd7 34. Qc2 e5 35.
b7 Rxb7 36. Qxd2 Qxd2 37. Rxd2 Rb1+ 38. Kg2 Ra1 39. Rd5 e4 40. Rd4 f5 41. g4 Kg7
42. gxf5 gxf5 43. Kg3 Ra3+ 44. Kg2 Kg6 45. Rb4 Kg5 46. Rc4 h5 47. h3 Ra2 48. Kf1
Kh4 49. Kg2 Kg5 50. Kf1 Ra1+ 51. Kg2 Ra3 52. Rb4 Ra2 53. Kf1 Kf4 54. Rc4 h4 55.
Rb4 Ra3 56. Kg2 Ra1 57. Rc4 Ra2 58. Kf1 Ke5 59. Rb4 f4 60. Rb5+ Kd4 61. Rb4+ Kd3
62. Rb3+ Kc4 63. Rb8 Rxa4 64. Rd8 f3 65. Ke1 Ra2 66. Rd7 Kc3 67. Rc7+ Kd4 68.
Rd7+ Ke5 69. Rh7 Ra1+ 70. Kd2 Ra2+ 71. Ke1 Kd4 72. Rd7+ Kc4 73. Rd8 Re2+ 74. Kf1
Rc2 75. Ke1 Kc3 76. Rc8+ Kb2 77. Rb8+ Kc1 78. Rh8 Re2+ 79. Kf1 Rd2 80. Rc8+ Kd1
81. Ra8 Re2 82. Ra1+ Kd2 83. Ra2+ Kd3 84. Ra3+ Kd4 85. Ra4+ Kc3 86. Ra8 Rd2 87.
Rc8+ Kd3 88. Rd8+ Kc2 89. Rc8+ Kb1 90. Ke1 Re2+ 91. Kf1 Rc2 92. Rb8+ Kc1 93. Re8
Kd2 94. Rd8+ Kc1 95. Re8 Rc4 96. Ke1 Kc2 97. Rd8 Rb4 98. Rc8+ Kd3 99. Rd8+ Rd4
100. Rh8 e3 101. fxe3 Kxe3 102. Re8+ Kf4 103. Rg8 Ke3 104. Re8+ Re4 105. Rxe4+
Kxe4 106. Kf1 Kf5 107. Kg1 Ke5 108. Kf1 Ke4 0-1

[Event "Superbet POL Blitz 2025"]
[Site "Warsaw POL"]
[Date "2025.04.30"]
[Round "16.3"]
[White "Aravindh, Chithambaram VR."]
[Black "Firouzja, Alireza"]
[Result "0-1"]
[WhiteTitle "GM"]
[BlackTitle "GM"]
[WhiteElo "2749"]
[BlackElo "2757"]
[WhiteFideId "5072786"]
[BlackFideId "12573981"]
[EventDate "2025.04.29"]

1. Nf3 Nf6 2. g3 g6 3. Bg2 Bg7 4. O-O O-O 5. d4 d6 6. Nc3 Nbd7 7. a4 a5 8. b3 d5
9. Re1 c6 10. Bb2 Ne4 11. Nxe4 dxe4 12. Ng5 e3 13. fxe3 Bh6 14. Ne4 Bxe3+ 15.
Kh1 Nb6 16. Qd3 Bh6 17. Nf2 Bg7 18. e4 e5 19. dxe5 Qc7 20. Rad1 Nd7 21. e6 Nc5
22. Qe3 Bxb2 23. Qxc5 Bxe6 24. c3 b6 25. Qe3 Ba3 26. e5 Bc5 27. Qf4 Bxf2 28.
Qxf2 Bxb3 29. Rd6 Bxa4 30. c4 Rae8 31. Qd2 Re7 32. Ra1 b5 33. Qd4 Bb3 34. c5 a4
35. h4 Rfe8 36. Re1 Qa5 37. Rf1 Rxe5 38. Bxc6 Re1 39. Qf4 Rxf1+ 40. Qxf1 Re1 0-1

[Event "Superbet POL Blitz 2025"]
[Site "Warsaw POL"]
[Date "2025.04.30"]
[Round "16.4"]
[White "Aronian, Levon"]
[Black "Vachier-Lagrave, Maxime"]
[Result "1/2-1/2"]
[WhiteTitle "GM"]
[BlackTitle "GM"]
[WhiteElo "2747"]
[BlackElo "2722"]
[WhiteFideId "13300474"]
[BlackFideId "623539"]
[EventDate "2025.04.29"]

1. d4 Nf6 2. c4 g6 3. Nc3 d5 4. Nf3 Bg7 5. cxd5 Nxd5 6. e4 Nxc3 7. bxc3 c5 8.
Rb1 O-O 9. Be2 cxd4 10. cxd4 Qa5+ 11. Bd2 Qxa2 12. O-O Bg4 13. Rxb7 Bxf3 14.
Bxf3 Bxd4 15. Bb4 Nc6 16. Bxe7 Nxe7 17. Qxd4 Qe6 18. e5 Nc6 19. Bxc6 Qxc6 20.
Rxa7 Rxa7 21. Qxa7 Ra8 22. Qe3 h5 23. h3 Qd5 24. Rc1 Re8 25. Rc5 Qe6 26. Kh2 Kg7
27. Qd4 Ra8 28. Rd5 Ra4 29. Qxa4 Qxd5 30. Qf4 Kg8 31. Qf6 Qe4 32. Qd8+ Kg7 33.
Qg5 h4 34. Qf6+ Kg8 35. g4 hxg3+ 36. Kxg3 Qd4 37. Qf4 Qd1 38. Kh2 Qd5 39. h4 Qd1
40. Qe4 Kg7 41. Qf4 Kg8 42. Kg2 Qd3 43. Qf3 Qd4 44. Qf6 Qg4+ 45. Kh2 Qe2 46.
Qd8+ Kg7 47. Qd4 Kg8 48. Kg3 Qe1 49. Kg2 Qe2 50. Qf4 Qd3 51. Kh2 Qe2 52. Kg3 Qd1
53. Qf3 Qd4 54. Qe3 Qc4 55. Qf4 Qe2 56. Kh2 Kg7 57. Kg2 Kg8 58. Qd4 Kh7 59. Qf4
Kg8 60. Qd4 Kh7 61. Qf4 Kg8 62. Qd4 1/2-1/2